000 00390nam a2200169Ia 4500
005 20240823041110.0
008 240823s9999||||xx |||||||||||||| ||und||
041 _aENGLISH
082 _A376.954 P8
100 _aRandor Guy
245 4 _aThe Madras Seva Sadan
250 _a1 st
260 _c2008
_bthe madras seva
500 _aYES
650 _aseva sadan
_bGeneral
942 _cBK
999 _c204683
_d204683